| 000 | 00548 a2200169 4500 | ||
|---|---|---|---|
| 001 | ART_6781 | ||
| 005 | 20260410161719.0 | ||
| 008 | 260409a | ||
| 245 | 1 | 0 | _aUn aporte a la investigación empírica |
| 100 | 1 | _aGarcía Casella, Carlos Luis | |
| 700 | 1 | _aRodríguez de Ramírez, María del Carmen | |
| 700 | 1 | _aCanetti, Miguel Marcelo | |
| 700 | 1 | _aFelella, María Rosa | |
| 700 | 1 | _aGnus, Rodolfo Gustavo | |
| 700 | 1 | _aKwasnycia, Patricia | |
| 773 | 0 |
_tContabilidad y auditoría _g- Año 1, Nº 1 (dic. 1995) _wREV1723 |
|
| 999 |
_c16801 _d16801 |
||